¿Cuánto sabes de Los Simuladores? - Estadísticas

Estadísticas generales
  • Esta prueba ha sido intentada 40 veces
  • La puntuación promedio es 11 de 18
Estadísticas de respuestas
Hint Respuesta % Correcto
¿Cuántas temporadas tuvo? 2
100%
¿Quién era Betún? El perro de Lamponne
85%
Simulador lider Mario Santos
82%
Simulador "Camaleón" Emilio Ravenna
79%
Simulador encargado de la logística Pablo Lamponne
79%
¿Quién fue el director y creador? Damian Szifrón
76%
Simulador encargado de la investigación Gabriel Medina
73%
¿En que canal la daban originalmente? Telefe
73%
¿Quién es el Actor del simulador "Camaleón"? Diego Peretti
64%
¿En qué plataforma estaba anteriormente? Netflix
64%
¿Quién es el actor del simulador lider? Federico D'Elía
61%
¿Cómo se llama el personaje que dejan en la selva? Franco Milazzo
52%
¿Cómo se llama el episodio en el que ayudan a la pareja presidencial? El pequeño problema del gran hombre
45%
¿Quién es el actor del simulador encargado de la investigación? Martín Seefeld
45%
¿Quién es el actor del simulador encargado de la logística? Alejandro Fiore
42%
¿Cómo se llama el episodio de los "Vampiros"? El Clan Motul
42%
¿Cómo se llama el investigador que contrata el personaje de la anterior respuesta? Marcos Molero
18%
¿Qué era la "Brigada B"? Una brigada paralela
0%
No se encontraron pruebas coincidentes
Distribución de puntuación
Porcentaje de gente con cada puntuación
Porcentaje por número respondido
Historial de tus puntuaciones
No has intentado esta prueba.